000 00450nam a2200169 a 4500
005 20140310183441.0
008 080522s19uu xx 00 eng d
020 _a0380808072
050 _aPS 3566
_b.P558 2000
100 _aPhillips, Susan Elizabeth
245 _aFirst lady /
_cSusan Elizabeth Phillips.
260 _aNew York :
_bAvon Books,
_c2000.
300 _a420 p. :
_c18 cm.
650 _aFiction.
942 _cBK
_2lcc
999 _c23125
_d23125